| 000 | 01099cam a2200349 4500 | ||
|---|---|---|---|
| 001 | 1247832 | ||
| 003 | OSt | ||
| 005 | 20260409123915.0 | ||
| 008 | 721122r19721844enk 000 0beng | ||
| 010 | _a 72193954 | ||
| 015 | _aB*** | ||
| 020 | _a9780851510859 | ||
| 035 | _a1247832 | ||
| 040 |
_aDLC _cDLC _dDLC |
||
| 043 | _ae-uk-st | ||
| 050 | 0 | 0 |
_aBX9225.M17 _bB65 2012 |
| 082 | 0 | 0 |
_a285/.2/0924 _aB |
| 100 | 1 |
_aBonar, Andrew A. _q(Andrew Alexander), _d1810-1892. |
|
| 245 | 1 | 4 |
_aRobert Murray M'Cheyne _c[by] Andrew A. Bonar. |
| 260 |
_a[London] _bBanner of Truth Trust _c[2012] |
||
| 300 |
_a255 p. _c19 cm. |
||
| 336 |
_atext _btxt _2rdacontent |
||
| 337 |
_aunmediated _bn _2rdamedia |
||
| 338 |
_avolume _bnc _2rdacarrier |
||
| 500 | _a"First published 1844." | ||
| 600 | 1 | 0 |
_aM'Cheyne, Robert Murray, _d1813-1843. |
| 610 | 2 | 0 |
_aChurch of Scotland _xClergy _xBiography. |
| 650 | 0 |
_aPresbyterian Church _zScotland _xClergy _xBiography. |
|
| 906 |
_a7 _bcbc _corignew _d4 _encip _f19 _gy-gencatlg |
||
| 942 |
_2lcc _cBK |
||
| 999 |
_c21586 _d21585 |
||